| 000 | 00534nam a2200169 a 4500 | ||
|---|---|---|---|
| 001 | 2664 | ||
| 003 | CDMR | ||
| 005 | 20130510105752.0 | ||
| 008 | 130130s1965||||||||||||||||||||||||||||d | ||
| 040 |
_aCDMR _bcat _cCDMR |
||
| 100 | 1 |
_aVázquez, Jesús María _91671 |
|
| 245 | 1 | 4 |
_aLos niños y la televisión _b: encuesta sobre audiencias a programas de TVE _cJesús Maria Vazquez |
| 260 |
_aMadrid _c1965 _bMinisterio de Información y Turismo |
||
| 650 | 0 | 4 |
_93121 _aTeleespectadors |
| 650 | 0 | 4 |
_92508 _aTelevisió i infants |
| 942 |
_cMON _2udc |
||
| 999 |
_c2664 _d2664 |
||